00800nam a2200217 i 450000100060000000300090000600500170001500700030003200800410003510000320007624501050010826000420021330000220025565100530027770000240033070000310035470000380038585200210042399900170044495201210046133633ES-MaACL20230906154807.0t|030203s1978 sp |||| | spa d1 aBettelheim, Charles.92867810aChina después de Mao / cCh. Bettelheim, K.S. Karol, R. Rossanda ; [traducción: Antoni Munné]. aBarcelona : bEl Viejo Topo, c[1978] a196 p. ; c22 cm. 4aChina-xPolítica y gobierno-y1976-2002.980581 aKarol, K. S.9675741 aRossandra, Rossana.9998271 aMunné i Tomàs, Antoni.984213 aES-MaACLjA-8836 c33633d33633 00104070aATENEOMbATENEOMcDEPO1d2008-01-17eSCl0oA-8836p1035004r2023-02-23 00:00:00w2023-02-23yMONOGRAFIA